[Event "TCh-HUN 2016-17"]
[Site "masterchessopen.com Hungary HUN"]
[Date "2017.01.29"]
[Round "5.3"]
[White "Horvath,Ad1"]
[Black "Nestorovic,N"]
[Result "1-0"]
[WhiteElo "2498"]
[BlackElo "2507"]

1. e4 e5 2. Nf3 Nc6 3. Bc4 Nf6 4. d3 Be7 5. O-O O-O 6. h3 d6 7. a4 h6 8. a5 a6
9. Re1 Be6 10. Nc3 Qd7 11. Nd5 Bxd5 12. Bxd5 Nxd5 13. exd5 Nb4 14. d4 exd4 15.
Nxd4 Bf6 16. Ne2 Qf5 17. Ra4 c5 18. dxc6 Nxc6 19. Ng3 Qb5 20. Rg4 Ne5 21. Rge4
Ng6 22. Nh5 Be5 23. f4 f5 24. R4e2 Bxb2 25. c4 Qc5+ 26. Be3 Qa3 27. Qd5+ Kh7
28. Rb1 Rae8 29. Rbxb2 Rxe3 30. Qxb7 Ne7 31. Kh2 Rf7 32. Qd7 g6 33. Qe8 {#r}
1-0

[Event "4th Floripa Masters 2017"]
[Site "masterchessopen.com Florianopolis BRA"]
[Date "2017.01.29"]
[Round "4.2"]
[White "Rodriguez Vila,A"]
[Black "Guimaraes,D"]
[Result "1-0"]
[WhiteElo "2468"]
[BlackElo "2219"]

1. e4 e5 2. Nf3 Nc6 3. Bc4 Nf6 4. Ng5 d5 5. exd5 Na5 6. Bb5+ c6 7. dxc6 bxc6
8. Bd3 Nd5 9. Nf3 Bd6 10. O-O O-O 11. Re1 Qc7 12. Bf1 f5 13. d3 Bd7 14. Bd2
Rae8 15. c4 Nf6 16. b4 e4 17. c5 Be7 18. Ng5 Ng4 19. g3 e3 20. Rxe3 Nxe3 21.
Bxe3 f4 22. Bxf4 Rxf4 23. gxf4 Qxf4 24. Ne4 Bf5 25. Nbc3 Nb7 26. Bg2 Nd8 27.
Qa4 Qc7 28. Nd5 Qe5 29. Nxe7+ Rxe7 30. Re1 Ne6 31. Qxc6 Nf8 32. Qd6 Qc3 33.
Nf6+ Qxf6 34. Qxe7 {#r} 1-0

[Event "Gibraltar Masters 2017"]
[Site "masterchessopen.com Caleta ENG"]
[Date "2017.02.01"]
[Round "9.20"]
[White "Ivanchuk,V"]
[Black "Carlstedt,J"]
[Result "1-0"]
[WhiteElo "2752"]
[BlackElo "2413"]

1. e4 e5 2. Nf3 Nc6 3. Bb5 f5 4. Nc3 fxe4 5. Nxe4 Nf6 6. Qe2 Be7 7. Bxc6 bxc6
8. Nxf6+ Bxf6 9. d4 O-O 10. dxe5 Re8 11. Qc4+ d5 12. Qxc6 Bxe5 13. O-O Rb8 14.
Nxe5 Rxe5 15. Bf4 Re6 16. Qc3 Qe8 17. b3 Rbb6 18. Be3 Rbc6 19. Qd2 Re5 20.
Bxa7 Re2 21. Qxd5+ Be6 22. Qb5 Rexc2 23. Rfe1 h6 24. Qd3 Qf7 25. Be3 R6c3 26.
Qd4 Qg6 27. Qe5 Rd3 28. Qg3 Qf6 29. h4 Re2 30. Qf4 Qc3 31. Rxe2 Qxa1+ 32. Kh2
Rd1 33. f3 Rh1+ 34. Kg3 Qf1 35. Rd2 Kh8 36. Rd8+ Bg8 37. Bf2 Qe2 38. Qxc7 Qe6
39. Qd6 Qf5 40. Bd4 Qh5 41. Qf4 {#r} 1-0

[Event "Portugal Open 2017"]
[Site "masterchessopen.com Lisbon POR"]
[Date "2017.02.04"]
[Round "2.5"]
[White "Palac,M"]
[Black "Alberto,M ANG"]
[Result "1-0"]
[WhiteElo "2600"]
[BlackElo "2174"]

1. e4 e5 2. Nf3 Nc6 3. Bb5 Bc5 4. c3 Qf6 5. d4 exd4 6. e5 Qg6 7. cxd4 Bb4+ 8.
Nc3 Nge7 9. O-O Qh5 10. Ne2 d5 11. Ng3 Qg4 12. h3 Qd7 13. a3 Ba5 14. Bd3 h6
15. Nh5 Kf8 16. b4 Bb6 17. Bc2 Nf5 18. Bb2 Qd8 19. Kh2 a5 20. b5 Na7 21. a4
Kg8 22. Qd2 Nh4 23. Qf4 Nxf3+ 24. Qxf3 c6 25. Nf6+ gxf6 26. Qg3+ Kf8 27. Ba3+
Ke8 28. Qg7 Be6 29. Qxh8+ Kd7 30. Qxh6 Bxd4 31. bxc6+ Nxc6 32. Rab1 Kc8 33.
exf6 Bxf6 34. f4 d4 35. Be4 Ra6 36. Rfc1 Kc7 37. Qh5 Bc8 38. Qxf7+ {#r} 1-0

[Event "Gibraltar Masters 2017"]
[Site "masterchessopen.com Caleta ENG"]
[Date "2017.02.02"]
[Round "10.36"]
[White "Dragnev,Valentin"]
[Black "Henderson de La Fuente,Lance"]
[Result "1-0"]
[WhiteElo "2492"]
[BlackElo "2380"]

1. e4 e5 2. Nf3 Nc6 3. Bb5 Nf6 4. d3 Bc5 5. Bxc6 dxc6 6. Qe2 Qe7 7. Nbd2 Nd7
8. Nc4 f6 9. Be3 Nf8 10. Bxc5 Qxc5 11. Qe3 Qxe3+ 12. Nxe3 Ne6 13. g3 Bd7 14.
O-O-O O-O-O 15. h4 Be8 16. h5 h6 17. Nf5 c5 18. Rdf1 Bf7 19. Nd2 Rd7 20. f4
exf4 21. gxf4 Rhd8 22. Rh4 b5 23. b3 Kb7 24. Rg1 Be8 25. Nf3 c4 26. bxc4 bxc4
27. dxc4 Kb6 28. e5 fxe5 29. Nxe5 Rd2 30. c5+ Ka6 31. Nd3 Re2 32. c6 Nd4 33.
Nxd4 Rxd4 34. Rxg7 Kb6 35. Kd1 Re6 36. Kd2 Rd5 37. Rh1 Rxc6 38. Rb1+ Rb5 39.
Rxb5+ Kxb5 40. Re7 Bxh5 41. Re5+ {#r} 1-0

[Event "13th Moscow Open B w 2017"]
[Site "masterchessopen.com Moscow RUS"]
[Date "2017.02.05"]
[Round "9.2"]
[White "Bodnaruk,A"]
[Black "Kashlinskaya,A"]
[Result "0-1"]
[WhiteElo "2463"]
[BlackElo "2418"]

1. e4 e5 2. Nf3 Nc6 3. Bb5 Nf6 4. d3 Bc5 5. Bxc6 dxc6 6. Nbd2 Be6 7. O-O Nd7
8. b3 O-O 9. Bb2 f6 10. d4 Bd6 11. c4 Bg4 12. c5 Be7 13. Qc2 exd4 14. Bxd4 Qe8
15. Rfe1 Qf7 16. h3 Bh5 17. g4 Bg6 18. Nh2 Rfd8 19. f4 Qf8 20. b4 b6 21. Nb3
a5 22. Bf2 axb4 23. cxb6 cxb6 24. Nd4 Rdc8 25. Qd2 Nc5 26. Nxc6 Rxc6 27. Qd5+
Bf7 28. Qxc6 Nd3 29. Red1 Nxf4 30. Qc2 Nxh3+ 31. Kg2 Nxf2 32. Qxf2 Bc5 33. Qe2
Qe7 34. Nf3 Re8 35. Re1 Bd5 36. Nd2 Bd4 37. Rad1 Bc3 38. Kh3 Bxa2 39. Qb5 Be6
40. Rg1 Qf7 41. Nf1 h5 42. Ne3 hxg4+ 43. Kg2 Bb3 44. Rd7 Qe6 45. Kf2 f5 46.
Nxf5 Qxe4 47. Ne7+ Rxe7 48. Rd8+ Kf7 49. Qh5+ g6 50. Qxg4 Be1+ {#R} 0-1

[Event "Portugal Open 2017"]
[Site "masterchessopen.com Lisbon POR"]
[Date "2017.02.05"]
[Round "3.4"]
[White "Perunovic,Mil"]
[Black "Sousa,Andre Ventura"]
[Result "1-0"]
[WhiteElo "2604"]
[BlackElo "2380"]

1. e4 e5 2. Nf3 Nc6 3. Bb5 Nf6 4. d3 Bc5 5. c3 d5 6. exd5 Qxd5 7. Bc4 Qd6 8.
Nbd2 O-O 9. Qe2 Bf5 10. Ng5 Bg4 11. f3 Bf5 12. Nde4 Nxe4 13. fxe4 Bg6 14. h4
h6 15. h5 Bh7 16. Nxh7 Kxh7 17. Rf1 Qe7 18. Qf3 f5 19. exf5 Qh4+ 20. Kd1 Rad8
21. Kc2 Rd4 22. Bd5 Rg4 23. Bd2 Rg3 24. Qe2 Qa4+ 25. b3 Qa3 26. Rf3 Rxf3 27.
Qxf3 Rf6 28. g4 Kh8 29. Be6 Bd4 30. Qe4 Bc5 31. g5 hxg5 32. Bxg5 Nd4+ 33. cxd4
Bxd4 34. Rc1 Qb2+ 35. Kd1 Qf2 36. Bxf6 Qf1+ 37. Kd2 Qf2+ 38. Qe2 Be3+ 39. Kd1
Qg1+ 40. Qe1 Qg4+ 41. Kc2 Qg2+ 42. Kb1 Bd4 43. Rc2 {#r} 1-0

[Event "PRO League Eastern 2017"]
[Site "masterchessopen.com chess.com INT"]
[Date "2017.02.01"]
[Round "4"]
[White "Sidhant,M"]
[Black "Klein,Da"]
[Result "1-0"]
[WhiteElo "2267"]
[BlackElo "2509"]

1. e4 e5 2. Nf3 Nc6 3. Bb5 Nf6 4. d3 Bc5 5. O-O Nd4 6. Nxd4 Bxd4 7. Nd2 c6 8.
Ba4 d6 9. c3 Bb6 10. h3 O-O 11. Re1 h6 12. Nf3 Re8 13. Bc2 Nh5 14. d4 Qf6 15.
a4 Nf4 16. a5 Bc7 17. Bxf4 Qxf4 18. Qd3 g6 19. b4 Be6 20. Rad1 Kg7 21. c4 a6
22. d5 cxd5 23. exd5 Bd7 24. Qa3 Qxc4 25. Rc1 Qf4 26. Bxg6 Rac8 27. Re4 Qf6
28. Bh5 Bb8 29. Bg4 Rxc1+ 30. Qxc1 Bb5 31. Qe3 Rh8 32. Bh5 Bd7 33. Bg4 Ba4 34.
Rc4 Bb5 35. Rc8 Qe7 36. Rxh8 Kxh8 37. Qxh6+ Kg8 38. Bf5 Qc7 39. Bh7+ Kh8 40.
Kh2 Be8 41. Ng5 Qe7 42. Bf5+ Kg8 43. Qh7+ Kf8 44. Qh8# 1-0

[Event "PRO League Central 2017"]
[Site "masterchessopen.com chess.com INT"]
[Date "2017.02.01"]
[Round "4"]
[White "Roberson,P"]
[Black "Jensson,E"]
[Result "1-0"]
[WhiteElo "2401"]
[BlackElo "2386"]

1. e4 e5 2. Nf3 Nc6 3. Bb5 Nf6 4. O-O Nxe4 5. Re1 Nd6 6. Nxe5 Be7 7. Bf1 Nxe5
8. Rxe5 O-O 9. Nc3 Bf6 10. Re1 c6 11. d4 Nf5 12. d5 d6 13. Ne4 Be7 14. b3 Qc7
15. Bb2 cxd5 16. Nc3 Be6 17. Nxd5 Qd7 18. c4 Rfe8 19. g3 Bf8 20. Bg2 Ne7 21.
Qd4 Nxd5 22. Bxd5 Bxd5 23. Qxd5 Qc6 24. Qd3 Re6 25. Rxe6 fxe6 26. Re1 d5 27.
cxd5 exd5 28. h4 Rd8 29. Qd4 Qc5 30. Kg2 Qxd4 31. Bxd4 b6 32. Rc1 Rd7 33. Kf3
Kf7 34. Rc6 Be7 35. h5 g6 36. hxg6+ hxg6 37. Ke3 Rd6 38. Rc7 a6 39. f4 Ke6 40.
g4 Bf6 41. Bxf6 Kxf6 42. Kd4 a5 43. a4 Ke6 44. g5 Rd7 45. Rxd7 Kxd7 46. Kxd5
{#r} 1-0

[Event "37th TCh-IND 2017"]
[Site "masterchessopen.com Bhopal IND"]
[Date "2017.02.05"]
[Round "5.1"]
[White "Himanshu,Sh"]
[Black "Bakre,T"]
[Result "1-0"]
[WhiteElo "2484"]
[BlackElo "2457"]

1. e4 e5 2. Nf3 Nc6 3. Bb5 a6 4. Bxc6 dxc6 5. O-O Bg4 6. h3 h5 7. d3 Qf6 8.
Be3 Bxf3 9. Qxf3 Qxf3 10. gxf3 Bd6 11. Nd2 Ne7 12. Rfe1 Ng6 13. Kf1 Nf8 14.
Ke2 Ne6 15. a4 a5 16. Rg1 f6 17. c3 c5 18. Nc4 Kf7 19. b4 cxb4 20. Nxd6+ cxd6
21. cxb4 axb4 22. Rgb1 Rhd8 23. Rxb4 Rd7 24. Rab1 Ke7 25. d4 exd4 26. Bxd4
Nxd4+ 27. Rxd4 Rc8 28. Rb5 Rc5 29. Rdb4 Rxb5 30. Rxb5 g6 31. f4 Rc7 32. Kd3
Kd7 33. h4 Ke6 34. f5+ gxf5 35. Rxf5 Rh7 36. Rb5 Rc7 37. a5 Rc1 38. Rxb7 Rc5
39. a6 Ra5 40. a7 Ra3+ 41. Kc4 Ra1 42. Kb4 d5 43. Kb5 Ke5 44. exd5 Kxd5 45.
Kb6 Kd6 46. Rb8 Rb1+ 47. Ka6 Ra1+ 48. Kb7 Rb1+ 49. Kc8 {#r} 1-0

[Event "13th Moscow Open A 2017"]
[Site "masterchessopen.com Moscow RUS"]
[Date "2017.02.01"]
[Round "5.8"]
[White "Kokarev,Dm"]
[Black "Tsydypov,Z"]
[Result "1-0"]
[WhiteElo "2651"]
[BlackElo "2468"]

1. e4 e5 2. Nf3 Nc6 3. Bb5 a6 4. Ba4 Nge7 5. Bb3 Ng6 6. d4 exd4 7. O-O Be7 8.
Nxd4 O-O 9. Nc3 Bf6 10. Nde2 Na5 11. Nd5 Re8 12. Ng3 Nxb3 13. axb3 b6 14. Nh5
Be5 15. f4 Bd6 16. f5 Qh4 17. h3 Ne7 18. Ndf4 Nc6 19. g3 Qe7 20. Qg4 Qe5 21.
Nd5 Kh8 22. Ndf6 Bf8 23. Bh6 g6 24. Qg5 Qc5+ 25. Rf2 Re5 26. Nxh7 Nd4 27. Qf6+
{#r} 1-0

[Event "PRO League Central 2017"]
[Site "masterchessopen.com chess.com INT"]
[Date "2017.02.01"]
[Round "4"]
[White "Roberson,P"]
[Black "Thorfinnsson,Br"]
[Result "1-0"]
[WhiteElo "2401"]
[BlackElo "2453"]

1. e4 e5 2. Nf3 Nc6 3. Bb5 a6 4. Ba4 g6 5. d4 exd4 6. Bg5 Be7 7. Bxe7 Qxe7 8.
Bxc6 dxc6 9. Qxd4 Nf6 10. Nc3 Be6 11. O-O-O c5 12. Qe5 Bg4 13. Qxe7+ Kxe7 14.
e5 Ne8 15. Rd3 Rd8 16. Rhd1 Rxd3 17. Rxd3 c6 18. Ng5 Nc7 19. Nge4 c4 20. Rd2
b5 21. Nf6 Be6 22. Rd6 b4 23. Rxc6 Kd8 24. Nce4 a5 25. Ng5 b3 26. axb3 cxb3
27. Rxe6 fxe6 28. Nf7+ Ke7 29. Nxh8 Kf8 30. Nxh7+ Kg7 31. Ng5 Kxh8 32. cxb3
Kg7 33. f4 Kf8 34. Kd2 Ke7 35. Kd3 Kd7 36. g4 Nd5 37. Ke4 Ne7 38. h4 Ng8 39.
h5 gxh5 40. gxh5 Nh6 41. Nf3 Nf5 42. Kd3 Ke7 43. Nd4 Nh4 44. Nc6+ Kf7 45. Nxa5
Ng2 46. Ke4 {#r} 1-0

[Event "Gibraltar Masters 2017"]
[Site "masterchessopen.com Caleta ENG"]
[Date "2017.01.31"]
[Round "8.97"]
[White "Skou,N"]
[Black "Wantiez,F"]
[Result "0-1"]
[WhiteElo "2025"]
[BlackElo "2312"]

1. e4 e5 2. Nf3 Nc6 3. Bb5 a6 4. Ba4 d6 5. d4 b5 6. Bb3 Nxd4 7. Nxd4 exd4 8.
Bd5 Rb8 9. Qxd4 Ne7 10. Bg5 f6 11. Bf4 Nxd5 12. exd5 Qe7+ 13. Kd2 Qd8 14. Nc3
Be7 15. Rae1 O-O 16. Kc1 a5 17. Re3 b4 18. Nd1 f5 19. Rhe1 Bf6 20. Qc4 a4 21.
Kb1 g5 22. Rg3 Kh8 23. Bd2 f4 24. Rf3 Bg4 25. Rd3 Bf5 26. Rf3 Re8 27. Bxb4
Rxe1 28. Bxe1 Bg4 29. Rd3 Be2 30. Qxa4 Bxd3 31. cxd3 Qe7 32. Qe4 Qf7 33. Bc3
Bxc3 34. Nxc3 Re8 35. Qd4+ Qg7 36. Qxg7+ Kxg7 37. a4 Kf6 38. d4 Re1+ 39. Kc2
Ke7 40. b4 Rh1 41. a5 Kd7 42. a6 Kc8 43. h3 Rh2 44. b5 Rxg2 45. Ne4 Kb8 46.
Kd3 h6 47. b6 cxb6 48. Nxd6 Rxf2 49. Nb5 Ra2 50. d6 Kc8 {#R} 0-1

[Event "Gibraltar Masters 2017"]
[Site "masterchessopen.com Caleta ENG"]
[Date "2017.02.01"]
[Round "9.60"]
[White "Kuipers,S"]
[Black "Gulamali,K"]
[Result "0-1"]
[WhiteElo "2414"]
[BlackElo "2341"]

1. e4 e5 2. Nf3 Nc6 3. Bb5 a6 4. Ba4 Nf6 5. d3 d6 6. c3 g6 7. O-O Bg7 8. Nbd2
b5 9. Bc2 O-O 10. Re1 Bb7 11. Nf1 Nb8 12. d4 Nbd7 13. Ng3 c5 14. h3 Re8 15. d5
c4 16. Be3 Qc7 17. Nh2 h5 18. Nf3 Nc5 19. Qd2 a5 20. Bh6 Bh8 21. Nh4 Kh7 22.
Rf1 Ng8 23. Be3 Bf6 24. Nf3 h4 25. Ne2 b4 26. cxb4 axb4 27. Qxb4 Ba6 28. Qc3
Rab8 29. Rfb1 Rec8 30. Qd2 Nd3 31. Bxd3 cxd3 32. Nc3 Bd8 33. Rc1 Qc4 34. b3
Qb4 35. Qe1 Nf6 36. Bd2 Nh5 37. Na4 Qb7 38. Rxc8 Rxc8 39. Qd1 Nf4 40. Bxf4
exf4 41. Ne1 Bf6 42. Rb1 Qb4 43. Nxd3 Qxe4 44. Nab2 Rc3 45. Rc1 Rxc1 {#R} 0-1

[Event "13th Moscow Open A 2017"]
[Site "masterchessopen.com Moscow RUS"]
[Date "2017.01.31"]
[Round "4.10"]
[White "Morovic Fernandez,I"]
[Black "Naumkin,I"]
[Result "0-1"]
[WhiteElo "2550"]
[BlackElo "2437"]

1. e4 e5 2. Nf3 Nc6 3. Bb5 a6 4. Ba4 Nf6 5. d3 b5 6. Bb3 Be7 7. O-O O-O 8. Nc3
d6 9. a3 Bg4 10. Be3 Qd7 11. Nd5 Nd4 12. Bxd4 exd4 13. h3 Bxf3 14. Qxf3 Nxd5
15. Bxd5 c6 16. Bb3 g6 17. a4 Ra7 18. Qg3 Kg7 19. axb5 axb5 20. Rae1 Qd8 21.
Re2 Bh4 22. Qf4 Bg5 23. Qg3 Bh4 24. Qf4 Bg5 25. Qh2 Re7 26. f4 Bh6 27. g4 Kh8
28. h4 f6 29. Rg2 d5 30. g5 fxg5 31. hxg5 Bg7 32. Rg4 Ref7 33. Rf3 {#R} 0-1

[Event "Portugal Open 2017"]
[Site "masterchessopen.com Lisbon POR"]
[Date "2017.02.05"]
[Round "4.17"]
[White "Derakhshani,D"]
[Black "Dias,Ricardo Pedro Cruz"]
[Result "1-0"]
[WhiteElo "2373"]
[BlackElo "2119"]

1. e4 e5 2. Nf3 Nc6 3. Bb5 a6 4. Ba4 Nf6 5. Qe2 b5 6. Bb3 Bc5 7. c3 d6 8. d3
O-O 9. Nbd2 Bb6 10. Nf1 Na5 11. Bc2 c5 12. Bg5 Re8 13. Ng3 h6 14. Bh4 g6 15.
O-O Bg4 16. Qe3 Bxf3 17. Qxh6 Bg4 18. f4 Qe7 19. fxe5 Qf8 20. Qxf8+ Kxf8 21.
exf6 Nc6 22. Rf4 Ne5 23. Bg5 Rec8 24. Kh1 Be6 25. h3 Ke8 26. Ne2 Kd7 27. Rh4
a5 28. a3 a4 29. Rd1 Nc6 30. Rh7 Rh8 31. Rxh8 Rxh8 32. Kg1 Rc8 33. g4 Ne5 34.
Kg2 Rc7 35. Kg3 Rc8 36. Nf4 Nc6 37. Rh1 Ne5 38. Rf1 Rh8 39. Rd1 Nc6 40. Rd2
Rc8 41. Bh6 Ne5 42. Bg7 Ba5 43. Rf2 Bb6 44. Rf1 Ra8 45. Rd1 Rc8 46. c4 bxc4
47. Bxa4+ Nc6 48. Nd5 {#r} 1-0

[Event "22nd HIT Open 2017"]
[Site "masterchessopen.com Nova Gorica SLO"]
[Date "2017.01.31"]
[Round "7.14"]
[White "Berke,A"]
[Black "Stevanic,David"]
[Result "0-1"]
[WhiteElo "2195"]
[BlackElo "2013"]

1. e4 e5 2. Nf3 Nc6 3. Bb5 a6 4. Ba4 Nf6 5. d3 b5 6. Bb3 Bc5 7. O-O d6 8. c3
O-O 9. a4 Rb8 10. axb5 axb5 11. h3 Be6 12. Bxe6 fxe6 13. d4 Bb6 14. Qb3 exd4
15. cxd4 Nxd4 16. Nxd4 Bxd4 17. Qxe6+ Kh8 18. Nd2 Qe8 19. Qf5 Nh5 20. Qg4 Rf4
21. Qd1 Ng3 22. Nb3 Rxe4 23. Bg5 h6 24. Bxh6 Ne2+ 25. Kh1 gxh6 26. Qd3 Bg7 27.
Ra7 Nf4 28. Qf3 Re1 29. Rxe1 Qxe1+ 30. Kh2 Qe5 31. g3 Nd5 32. Qd3 Rf8 33. f4
Nxf4 34. gxf4 Qxf4+ 35. Qg3 Qf1 36. Qg1 Be5+ {#R} 0-1

[Event "25th Fajr Open 2017"]
[Site "masterchessopen.com Sareyn IRI"]
[Date "2017.02.04"]
[Round "11.6"]
[White "Mosadeghpour,Masoud"]
[Black "Khademi,M"]
[Result "1-0"]
[WhiteElo "2478"]
[BlackElo "2315"]

1. e4 e5 2. Nf3 Nc6 3. Bb5 a6 4. Ba4 Nf6 5. d4 Nxd4 6. Nxd4 exd4 7. e5 Ne4 8.
Qxd4 Nc5 9. Nc3 c6 10. O-O d6 11. Rd1 b5 12. Bb3 d5 13. Nxd5 Nxb3 14. Nf6+
Qxf6 15. axb3 Qe7 16. Qb6 Bd7 17. Qb7 Rd8 18. Be3 c5 19. Rxa6 Qxe5 20. Rxd7
Rxd7 21. Qc8+ Rd8 22. Qc6+ Rd7 23. Ra8+ Ke7 24. Bxc5+ Rd6 25. Bxd6+ {#r} 1-0

[Event "PRO League Atlantic 2017"]
[Site "masterchessopen.com chess.com INT"]
[Date "2017.02.01"]
[Round "4"]
[White "Yudasin,L"]
[Black "Iglesias,Jor"]
[Result "1-0"]
[WhiteElo "2517"]
[BlackElo "2283"]

1. e4 e5 2. Nf3 Nc6 3. Bb5 a6 4. Ba4 Nf6 5. d3 d6 6. c3 g6 7. O-O Bg7 8. Nbd2
O-O 9. Re1 b5 10. Bb3 Na5 11. Bc2 c5 12. Nf1 h6 13. Ng3 Nc6 14. h3 Re8 15. Be3
Kh7 16. d4 cxd4 17. cxd4 Bd7 18. Rc1 Rc8 19. d5 Nb4 20. Bb1 Rxc1 21. Qxc1 a5
22. Qc3 Qc8 23. Bd2 Qxc3 24. Bxc3 Rb8 25. a3 Na6 26. Bxa5 Bf8 27. b4 Rc8 28.
Ne2 Nb8 29. Rc1 Rxc1+ 30. Nxc1 Nh5 31. Ne2 f5 32. exf5 gxf5 33. g4 Nf6 34. Nc3
e4 35. Nd4 fxg4 36. hxg4 Kg6 37. Nxe4 Nxe4 38. Bxe4+ Kf6 39. Nc6 Nxc6 40. dxc6
Bc8 41. Bd3 d5 42. Bxb5 Ke5 43. f3 d4 44. Bc4 Kd6 45. b5 Kc5 46. Bd3 Kd5 47.
a4 {#r} 1-0

[Event "PRO League Atlantic 2017"]
[Site "masterchessopen.com chess.com INT"]
[Date "2017.02.01"]
[Round "4"]
[White "Pichot,A"]
[Black "Francisco,R"]
[Result "1-0"]
[WhiteElo "2548"]
[BlackElo "2273"]

1. e4 e5 2. Nf3 Nc6 3. Bb5 a6 4. Ba4 Nf6 5. d3 b5 6. Bb3 Bb7 7. Nc3 h6 8. a4
b4 9. Nd5 Bd6 10. a5 O-O 11. O-O Re8 12. Be3 Rb8 13. Qd2 Bf8 14. h3 d6 15.
Nxf6+ Qxf6 16. Nh2 Nd4 17. Bxd4 exd4 18. f4 d5 19. e5 Qd8 20. Rae1 c5 21. f5
Qxa5 22. Ng4 h5 23. Nf2 c4 24. dxc4 dxc4 25. Bxc4 Rxe5 26. Nd3 Rxe1 27. Rxe1
Qc7 28. b3 Qg3 29. Qf2 Qxf2+ 30. Kxf2 Bd6 31. Ne5 Bxe5 32. Rxe5 Kf8 33. f6
gxf6 34. Rxh5 Ke7 35. Rh4 Rd8 36. Rf4 Bc8 37. Ke2 f5 38. Kd3 Bb7 39. Rxf5 Bxg2
40. Rxf7+ Ke8 41. h4 a5 42. Rf2 Bd5 43. Kxd4 Bxc4+ 44. Kxc4 Ke7 45. h5 Rh8 46.
Rf5 Ra8 47. h6 Ke6 48. Rh5 Kf6 49. h7 {#r} 1-0

[Event "37th TCh-IND 2017"]
[Site "masterchessopen.com Bhopal IND"]
[Date "2017.02.05"]
[Round "5.3"]
[White "Saravana,Kr"]
[Black "Hemanth,R"]
[Result "1-0"]
[WhiteElo "2308"]
[BlackElo "2049"]

1. e4 e5 2. Nf3 Nc6 3. Bb5 a6 4. Ba4 Nf6 5. Bxc6 dxc6 6. d3 Nd7 7. Nbd2 Bc5 8.
Nc4 Qe7 9. Qe2 b5 10. Ne3 Bxe3 11. Bxe3 c5 12. Nd2 Bb7 13. O-O O-O 14. a4 f5
15. exf5 Rxf5 16. Ne4 Rff8 17. f3 Bd5 18. b3 Rfb8 19. Bf2 c4 20. dxc4 bxc4 21.
bxc4 Be6 22. c5 Nf6 23. Nc3 Rb2 24. Rab1 Rab8 25. Qxe5 Qd7 26. Rxb2 Rxb2 27.
Rd1 Qc6 28. Ne2 {#r} 1-0

[Event "TCh-CAT Gp2 2017"]
[Site "masterchessopen.com Barcelona ESP"]
[Date "2017.01.28"]
[Round "2.6"]
[White "Lillo Ferrer,J"]
[Black "Bru Rullo,L"]
[Result "1-0"]
[WhiteElo "2103"]
[BlackElo "2248"]

1. e4 e5 2. Nf3 Nc6 3. Bb5 a6 4. Ba4 Nf6 5. Bxc6 dxc6 6. d3 Bd6 7. Nbd2 Be6 8.
Qe2 b5 9. Ng5 Bg4 10. Qe3 Qe7 11. h3 Bd7 12. Nf1 Nh5 13. Qe2 O-O 14. g4 Nf4
15. Bxf4 exf4 16. Nd2 c5 17. Ngf3 f6 18. O-O-O Qf7 19. Nh4 g6 20. c4 Rab8 21.
Kb1 Be6 22. Ng2 Qd7 23. Rhg1 Rb6 24. d4 cxd4 25. c5 Be5 {#r} 1-0

[Event "Dutch League 2016-17"]
[Site "masterchessopen.com Netherlands NED"]
[Date "2017.02.04"]
[Round "6.5"]
[White "Beerdsen,Thomas"]
[Black "L'Ami,E"]
[Result "0-1"]
[WhiteElo "2402"]
[BlackElo "2611"]

1. e4 e5 2. Nf3 Nc6 3. Bb5 a6 4. Ba4 Nf6 5. d3 b5 6. Bb3 Be7 7. a4 b4 8. Nbd2
Bc5 9. O-O d6 10. c3 Rb8 11. a5 O-O 12. Nc4 bxc3 13. bxc3 h6 14. Be3 Bxe3 15.
Nxe3 Be6 16. Bxe6 fxe6 17. Qa4 Qd7 18. Qc4 Rb5 19. d4 Nxe4 20. d5 exd5 21.
Nxd5 Qf7 22. Rad1 Rxd5 23. Qxd5 Qxd5 24. Rxd5 Nxc3 25. Rd2 Nb5 26. Rc2 Nb4 27.
Rc4 c5 28. Nxe5 dxe5 29. Rxc5 Nd3 30. Rd5 Nd4 31. h3 Ne2+ 32. Kh2 e4 33. g3
Nc3 34. Rd6 Rf5 {#R} 0-1

[Event "PRO League Eastern 2017"]
[Site "masterchessopen.com chess.com INT"]
[Date "2017.02.01"]
[Round "4"]
[White "Balabaev,T"]
[Black "Aradhya,Garg"]
[Result "1-0"]
[WhiteElo "2393"]
[BlackElo "2230"]

1. e4 e5 2. Nf3 Nc6 3. Bb5 a6 4. Ba4 Nf6 5. O-O b5 6. Bb3 Be7 7. d4 d6 8. c3
O-O 9. h3 h6 10. Re1 Re8 11. Nbd2 Bf8 12. Nf1 g6 13. Ng3 Bg7 14. a4 Bb7 15.
Bc2 Nb8 16. b3 Nbd7 17. Bb2 c5 18. Qd3 Qb6 19. a5 Qc7 20. Qd2 exd4 21. cxd4
cxd4 22. Bxd4 Ne5 23. Nh2 d5 24. f4 Nc6 25. Bb6 Qc8 26. e5 Nd7 27. Bf2 Qc7 28.
h4 Ncxe5 29. fxe5 Bxe5 30. Rxe5 Nxe5 31. Rf1 Rac8 32. Bb1 Qc3 33. Qxh6 Qxa5
34. h5 Rc6 35. Bd4 Qc7 36. Ng4 f6 37. Nxf6+ Rxf6 38. Rxf6 Nf3+ 39. Rxf3 {#r}
1-0

[Event "Portugal Open 2017"]
[Site "masterchessopen.com Lisbon POR"]
[Date "2017.02.05"]
[Round "4.2"]
[White "Gharamian,T"]
[Black "Grigoryan,K2"]
[Result "1-0"]
[WhiteElo "2624"]
[BlackElo "2561"]

1. e4 e5 2. Nf3 Nc6 3. Bb5 a6 4. Ba4 Nf6 5. O-O Be7 6. d3 d6 7. c3 O-O 8. Re1
b5 9. Bc2 Bb7 10. Nbd2 Re8 11. Nf1 Bf8 12. Ng3 g6 13. d4 Bg7 14. h3 h6 15. a3
Na5 16. a4 exd4 17. axb5 axb5 18. Nxd4 c6 19. b3 Nd7 20. Be3 h5 21. Nxh5 gxh5
22. Nf5 Bxc3 23. Nh6+ Kf8 24. Qxd6+ Qe7 25. Qg3 Qe6 26. Rad1 Be5 27. f4 h4 28.
Qxh4 Bc3 29. Rxd7 Qxd7 30. Bc5+ Kg7 31. Re3 Re6 32. Nf5+ Kg8 33. Rxc3 {#r} 1-0

[Event "Turkish Cup 2017"]
[Site "masterchessopen.com Antalya TUR"]
[Date "2017.02.02"]
[Round "9.22"]
[White "Samani,Yamac"]
[Black "Gundogan,Sinem Cagla"]
[Result "1-0"]
[WhiteElo "2303"]
[BlackElo "2061"]

1. e4 e5 2. Nf3 Nc6 3. Bb5 a6 4. Ba4 Nf6 5. O-O Be7 6. Bxc6 dxc6 7. d3 Bg4 8.
h3 Bxf3 9. Qxf3 Qd6 10. Nd2 Nd7 11. Nc4 Qe6 12. Bd2 O-O-O 13. b4 g5 14. Bc3 h5
15. Qf5 Qxf5 16. exf5 f6 17. a4 Nb6 18. Nxb6+ cxb6 19. Rfe1 Rd5 20. Re4 Rhd8
21. g3 R8d7 22. Kg2 b5 23. h4 g4 24. f3 gxf3+ 25. Kxf3 Bd8 26. g4 hxg4+ 27.
Rxg4 Rh7 28. Ke4 Bb6 29. axb5 Rxb5 30. Be1 Rd5 31. c3 Kd7 32. Ra2 a5 33. bxa5
Bxa5 34. Rag2 Rh5 35. Rg8 Kd6 36. R2g7 b6 37. Rd8+ Kc5 38. Bf2+ {#r} 1-0

[Event "Dutch League 2016-17"]
[Site "masterchessopen.com Netherlands NED"]
[Date "2017.02.04"]
[Round "6.4"]
[White "Vedder,R"]
[Black "Pruijssers,R"]
[Result "0-1"]
[WhiteElo "2213"]
[BlackElo "2493"]

1. e4 e5 2. Nf3 Nc6 3. Bb5 a6 4. Ba4 Nf6 5. O-O Be7 6. Bxc6 dxc6 7. Qe1 Nd7 8.
b3 c5 9. Bb2 Bd6 10. d3 O-O 11. Nbd2 b5 12. Qe3 Re8 13. g3 Nf8 14. Nh4 Ne6 15.
Ndf3 Nd4 16. Nxd4 cxd4 17. Qe2 c5 18. a4 Bh3 19. Rfe1 Qd7 20. Ng2 f6 21. Qf1
h6 22. f3 Be6 23. axb5 axb5 24. Rxa8 Rxa8 25. Ra1 Rc8 26. f4 c4 27. bxc4 bxc4
28. f5 Bf7 29. Nh4 Qb7 30. Bc1 Ra8 31. Rxa8+ Qxa8 32. Nf3 c3 33. Kf2 Qa2 34.
Qd1 Qb1 35. Ke2 Bh5 {#R} 0-1